[Event "WY U-16 Chess Olympiad 2019"]
[Site "Corum"]
[Date "2019.11.04"]
[Round "8"]
[White "Nurgali, Nazerke"]
[Black "Gevorgyan, Albert"]
[Result "0-1"]
[WhiteElo "2194"]
[BlackElo "2231"]
[Annotator "TA"]
[PlyCount "138"]
[EventDate "2019.10.28"]
[EventType "team-tourn"]
[EventCountry "TUR"]
[SourceTitle "playchess.com"]
[Source "ChessBase"]
[SourceQuality "1"]

1. d4 d5 2. Nf3 Nf6 3. c4 c6 4. Nc3 e6 5. Bg5 Nbd7 6. e3 Qa5 7. Nd2 dxc4 8. Bxf6 Nxf6 9. Nxc4 Qc7 10. Be2 Be7 11. O-O O-O 12. Rc1 c5 13. Nb5 Qb8 14. dxc5 Bxc5 15. Ncd6 Bxd6 16. Qxd6 Bd7 17. Rfd1 Bxb5 18. Bxb5 Qxd6 19. Rxd6 Rac8 20. Rdd1 g6 21. g3 Kg7 22. Be2 Rfd8 23. Rxc8 Rxc8 24. Bd3 Kf8 25. Kg2 Ke7 26. h3 h5 27. Kf3 Rc7 28. e4 Nd7 29. Ke2 Ne5 30. Bb1 Rc4 31. Ke3 Nc6 32. f4 e5 33. Rf1 f6 34. Bd3 Rc5 35. a3 a5 36. h4 Nd4 37. f5 Kf7 38. Rg1 b5 39. g4 hxg4 40. Rxg4 gxf5 41. exf5 Rc1 42. Ke4 Re1+ 43. Kd5 Rd1 44. Be4 Nxf5+ 45. Kc5 Ne7 46. Bf3 Rd3 47. Be2 Rd5+ 48. Kb6 f5 49. Rg2 e4 50. Bxb5 Rd8 51. Kxa5 Kf6 52. Kb6 f4 53. a4 f3 54. Rf2 Ke5 55. a5 Rb8+ 56. Kc5 Kf4 57. a6 Nc8 58. Bf1 Na7 59. b4 e3 60. Ra2 Re8 61. Kb6 e2 62. Bxe2 Rxe2 63. Ra1 Re7 64. b5 f2 65. Rf1 Kf3 66. Kc5 Re5+ 67. Kb6 Nxb5 68. Rb1 Kg2 69. Rb2 Kg1 0-1

[Event "WY U-16 Chess Olympiad 2019"]
[Site "Corum"]
[Date "2019.11.04"]
[Round "8"]
[White "Santos, Jose Guilherme B Lim"]
[Black "Acimovic, Sergej"]
[Result "1-0"]
[WhiteElo "2183"]
[BlackElo "1998"]
[Annotator "TA"]
[PlyCount "101"]
[EventDate "2019.10.28"]
[EventType "team-tourn"]
[EventCountry "TUR"]
[SourceTitle "playchess.com"]
[Source "ChessBase"]
[SourceQuality "1"]

1. e4 c5 2. Nf3 Nc6 3. Bb5 e6 4. O-O Nge7 5. Re1 a6 6. Bf1 d5 7. exd5 Nxd5 8. d4 Nf6 9. Be3 cxd4 10. Nxd4 Bd7 11. c4 Be7 12. a3 O-O 13. b4 Nxd4 14. Bxd4 Bc6 15. Nc3 Qd7 16. Qd3 Rfd8 17. Rad1 Qe8 18. b5 axb5 19. cxb5 Bc5 20. Qc4 Bxd4 21. Rxd4 Bd5 22. Nxd5 Nxd5 23. g3 Rdc8 24. Qe2 Nc3 25. Qb2 Qe7 26. Rb4 Nd5 27. Rb3 Qc5 28. Bg2 h6 29. Rd1 Ra4 30. Rbd3 Qc2 31. Qa1 Rc3 32. Rxc3 Nxc3 33. Rd8+ Kh7 34. Bxb7 Nxb5 35. Qe5 Nc3 36. Kg2 Ne4 37. Qf4 Ng5 38. Qe3 Qf5 39. h4 Ne4 40. Rd4 Rxd4 41. Qxd4 Nc5 42. Bf3 g6 43. a4 Nb3 44. Qc3 Qb1 45. a5 Qa2 46. a6 Nd2 47. Bb7 Nb1 48. Qe3 Qb2 49. Bf3 Nd2 50. a7 Nc4 51. Qe4 1-0

[Event "WY U-16 Chess Olympiad 2019"]
[Site "Corum"]
[Date "2019.11.04"]
[Round "8"]
[White "Kasimov, Ali"]
[Black "Soto, Miguel Angel"]
[Result "1-0"]
[WhiteElo "2166"]
[BlackElo "2283"]
[Annotator "TA"]
[PlyCount "97"]
[EventDate "2019.10.28"]
[EventType "team-tourn"]
[EventCountry "TUR"]
[SourceTitle "playchess.com"]
[Source "ChessBase"]
[SourceQuality "1"]

1. d4 Nf6 2. c4 g6 3. Nc3 Bg7 4. e4 d6 5. Nf3 O-O 6. Be2 e5 7. Be3 Nc6 8. d5 Ne7 9. Nd2 Ne8 10. b4 f5 11. f3 c6 12. O-O f4 13. Bf2 h5 14. dxc6 bxc6 15. Nb3 Be6 16. Qc2 g5 17. Rfd1 Qc8 18. b5 c5 19. Na5 Qc7 20. Qa4 g4 21. Nc6 Nxc6 22. bxc6 Qe7 23. Nd5 Qg5 24. Kf1 g3 25. hxg3 fxg3 26. Be3 Qh4 27. Ke1 Rb8 28. Qa3 Rf7 29. Kd2 Qd8 30. Rab1 Rc8 31. Qa4 Bf6 32. Kc2 Bg5 33. Bg1 Ng7 34. Rb7 Qe8 35. Rdb1 Qxc6 36. Qxa7 Qe8 37. Nc3 h4 38. Rxf7 Bxf7 39. Qb6 Ne6 40. Nb5 Nd4+ 41. Bxd4 cxd4 42. Qxd6 Bxc4 43. Bxc4+ Rxc4+ 44. Kd3 Rc6 45. Qd5+ Qe6 46. Nxd4 exd4 47. Qxg5+ Kf8 48. Rb8+ Rc8 49. Qc5+ 1-0

[Event "WY U-16 Chess Olympiad 2019"]
[Site "Corum"]
[Date "2019.11.04"]
[Round "8"]
[White "Kusa, Jakub"]
[Black "Tadic, Stefan"]
[Result "1/2-1/2"]
[WhiteElo "2156"]
[BlackElo "2295"]
[Annotator "ChessBase"]
[PlyCount "73"]
[EventDate "2019.10.28"]
[EventType "team-tourn"]
[EventCountry "TUR"]
[SourceTitle "playchess.com"]
[Source "ChessBase"]
[SourceQuality "1"]

1. e4 c5 2. Nf3 e6 3. d4 cxd4 4. Nxd4 Nf6 5. Nc3 Nc6 6. Ndb5 d6 7. Bf4 e5 8. Bg5 a6 9. Na3 Be6 10. Nc4 Rb8 11. Be2 Nd4 12. O-O Be7 13. Bxf6 Bxf6 14. Ne3 O-O 15. Ncd5 Bg5 16. c3 Nxe2+ 17. Qxe2 b5 18. a4 Qd7 19. axb5 axb5 20. Rfd1 Bxe3 21. Qxe3 f5 22. f3 fxe4 23. Qxe4 Qb7 24. Nb4 Qxe4 25. fxe4 Rf4 26. Rxd6 Bc4 27. Re1 Rbf8 28. Nd3 Bxd3 29. Rxd3 Rf2 30. b4 Rc2 31. Rd5 Rff2 32. Rd8+ Kf7 33. Rf1 Rxf1+ 34. Kxf1 Rxc3 35. Rd5 Rc4 36. Rxe5 Rxb4 37. Kf2 1/2-1/2

[Event "WY U-16 Chess Olympiad 2019"]
[Site "Corum"]
[Date "2019.11.04"]
[Round "8"]
[White "Shirliyev, Allayar"]
[Black "Jordanov Mihail"]
[Result "1-0"]
[WhiteElo "2149"]
[BlackElo "2080"]
[Annotator "ChessBase"]
[PlyCount "45"]
[EventDate "2019.10.28"]
[EventType "team-tourn"]
[EventCountry "TUR"]
[SourceTitle "playchess.com"]
[Source "ChessBase"]
[SourceQuality "1"]

1. e4 e5 2. Nf3 Nc6 3. Bc4 Nf6 4. Ng5 d5 5. exd5 Na5 6. Bb5+ c6 7. dxc6 bxc6 8. Qf3 Rb8 9. Bd3 Bd6 10. Nc3 O-O 11. b3 h6 12. Nge4 Nxe4 13. Nxe4 Be7 14. Ng3 Rb4 15. Ba3 Rf4 16. Bxe7 Qxe7 17. Qe3 f5 18. O-O Qd6 19. Qxa7 Qd5 20. f3 Kh8 21. Nh5 Rf7 22. Nxf4 exf4 23. c4 1-0

[Event "WY U-16 Chess Olympiad 2019"]
[Site "Corum"]
[Date "2019.11.04"]
[Round "8"]
[White "Butvilas, Aistis"]
[Black "Celik, Hasan Huseyin"]
[Result "1-0"]
[WhiteElo "2116"]
[BlackElo "1998"]
[Annotator "RC"]
[PlyCount "125"]
[EventDate "2019.10.28"]
[EventType "team-tourn"]
[EventCountry "TUR"]
[SourceTitle "playchess.com"]
[Source "ChessBase"]
[SourceQuality "1"]

1. d4 d5 2. c4 c6 3. Nf3 e6 4. e3 Bd6 5. Nc3 f5 6. Qc2 Nf6 7. Bd3 Ne4 8. O-O O-O 9. Ne5 Nd7 10. f4 Nxe5 11. fxe5 Be7 12. Bd2 Nxd2 13. Qxd2 Bd7 14. cxd5 cxd5 15. Kh1 Rc8 16. a3 Qb6 17. Qe2 Kh8 18. g4 g6 19. gxf5 gxf5 20. Rg1 Rg8 21. Rxg8+ Rxg8 22. Rg1 Rxg1+ 23. Kxg1 a6 24. Nd1 Be8 25. Nf2 Qc7 26. Nh3 Qc1+ 27. Kg2 Bf7 28. Nf4 Bg5 29. Qf2 b5 30. a4 bxa4 31. Bxa6 Qd1 32. h3 Qb3 33. Qd2 Kg7 34. Bc8 Bxf4 35. exf4 Kf8 36. Ba6 Bh5 37. Bd3 a3 38. bxa3 Qxa3 39. Qc2 Kg7 40. Qc7+ Bf7 41. Qc2 Bh5 42. Kg3 Qb4 43. Qf2 Bd1 44. Kh2 Qc3 45. Qg1+ Bg4 46. hxg4 Qxd3 47. gxf5+ Kf8 48. f6 Qe2+ 49. Kg3 Qe4 50. Qc1 Qd3+ 51. Kh4 Qf3 52. Qc8+ Kf7 53. Qd7+ Kg6 54. Qe8+ Kh6 55. Qf8+ Kg6 56. Qe8+ Kh6 57. Qf8+ Kg6 58. Qg8+ Kf5 59. Qxh7+ Kxf4 60. Qh6+ Ke4 61. Qg6+ Kf4 62. Qg5+ Ke4 63. Qg4+ 1-0

[Event "WY U-16 Chess Olympiad 2019"]
[Site "Corum"]
[Date "2019.11.04"]
[Round "8"]
[White "Tengis, Tsog-Ochir"]
[Black "Peycheva, Gergana"]
[Result "0-1"]
[WhiteElo "2111"]
[BlackElo "2246"]
[Annotator "TA"]
[PlyCount "86"]
[EventDate "2019.10.28"]
[EventType "team-tourn"]
[EventCountry "TUR"]
[SourceTitle "playchess.com"]
[Source "ChessBase"]
[SourceQuality "1"]

1. Nf3 Nf6 2. g3 e6 3. Bg2 d5 4. d4 Be7 5. O-O O-O 6. Ne5 c6 7. f4 b6 8. g4 Ne4 9. Nd2 f6 10. Nd3 f5 11. Nxe4 dxe4 12. Ne5 Bb7 13. c3 Nd7 14. gxf5 Nxe5 15. f6 Ng4 16. fxe7 Qxe7 17. e3 Nf6 18. b3 Rad8 19. a4 Qf7 20. a5 Rd5 21. axb6 axb6 22. Ra7 Ra8 23. Rxa8+ Bxa8 24. Qe2 Ra5 25. b4 Ra1 26. Bb2 Ra2 27. Rb1 Nd5 28. Qd2 Qg6 29. c4 Nxf4 30. exf4 e3 31. Qd1 c5 32. d5 e2 33. Qe1 exd5 34. f5 Qg4 35. h3 Qxc4 36. Be5 d4 37. Bxa8 Rxa8 38. Qg3 Ra7 39. bxc5 Qxc5 40. Bf4 Qxf5 41. Rxb6 Ra1+ 42. Kg2 Qe4+ 43. Kh2 Qh1# 0-1

[Event "WY U-16 Chess Olympiad 2019"]
[Site "Corum"]
[Date "2019.11.04"]
[Round "8"]
[White "Miletic, Vuk"]
[Black "Lin, Yi"]
[Result "1/2-1/2"]
[WhiteElo "2105"]
[BlackElo "2425"]
[Annotator "TA"]
[PlyCount "46"]
[EventDate "2019.10.28"]
[EventType "team-tourn"]
[EventCountry "TUR"]
[SourceTitle "playchess.com"]
[Source "ChessBase"]
[SourceQuality "1"]

1. d4 Nf6 2. c4 g6 3. Nc3 d5 4. cxd5 Nxd5 5. e4 Nxc3 6. bxc3 Bg7 7. Nf3 c5 8. Be3 Bg4 9. Rc1 O-O 10. Qd2 Qa5 11. d5 Bxf3 12. gxf3 c4 13. h4 h5 14. Bh6 b5 15. Rg1 Nd7 16. Bxg7 Kxg7 17. f4 Qb6 18. e5 Rad8 19. Be2 Nc5 20. Qd4 Na4 21. Qe4 Nc5 22. Qd4 Na4 23. Qe4 Nc5 1/2-1/2

[Event "WY U-16 Chess Olympiad 2019"]
[Site "Corum"]
[Date "2019.11.04"]
[Round "8"]
[White "Bochnicka, Vladimir"]
[Black "Ahmed, Jaza Jamal"]
[Result "0-1"]
[WhiteElo "2087"]
[BlackElo "2011"]
[Annotator "NA RC"]
[PlyCount "110"]
[EventDate "2019.10.28"]
[EventType "team-tourn"]
[EventCountry "TUR"]
[SourceTitle "playchess.com"]
[Source "ChessBase"]
[SourceQuality "1"]

1. e4 c5 2. Nf3 d6 3. d4 cxd4 4. Nxd4 Nf6 5. Nc3 a6 6. f3 e5 7. Nb3 Be6 8. Be3 Be7 9. Qd2 Nbd7 10. O-O-O b5 11. g4 O-O 12. g5 b4 13. gxf6 bxc3 14. Qxc3 Nxf6 15. Na5 Rc8 16. Nc6 Qc7 17. Nxe7+ Qxe7 18. Qa5 Rc6 19. Rg1 Rfc8 20. Rg2 Bh3 21. Rgd2 Bxf1 22. Rxf1 Qc7 23. Qxc7 R8xc7 24. c3 Kf8 25. Rfd1 Ne8 26. Kc2 Ke7 27. Rd3 g6 28. b3 f5 29. c4 Ke6 30. R3d2 f4 31. Bf2 g5 32. Rg1 Rg7 33. Be1 Nf6 34. Kd3 Rc8 35. Rdg2 Rcg8 36. b4 h5 37. a4 g4 38. Bh4 Nd7 39. Bf2 Rb8 40. Kc3 Nf6 41. Bh4 a5 42. bxa5 Rgb7 43. Bxf6 gxf3 44. Ra2 Kxf6 45. Rf1 Rb3+ 46. Kc2 Re3 47. Rf2 Rxe4 48. Kc3 Re3+ 49. Kd2 e4 50. a6 Ra8 51. Rb2 Rxa6 52. Rb4 Ra3 53. Rf1 e3+ 54. Kc2 e2 55. Rg1 f2 0-1

[Event "WY U-16 Chess Olympiad 2019"]
[Site "Corum"]
[Date "2019.11.04"]
[Round "8"]
[White "Moazaz, Dhahir Habeeb"]
[Black "Haring, Filip"]
[Result "0-1"]
[WhiteElo "2087"]
[BlackElo "2294"]
[Annotator "TA"]
[PlyCount "102"]
[EventDate "2019.10.28"]
[EventType "team-tourn"]
[EventCountry "TUR"]
[SourceTitle "playchess.com"]
[Source "ChessBase"]
[SourceQuality "1"]

1. c4 Nf6 2. Nf3 e6 3. g3 d5 4. Bg2 Be7 5. O-O O-O 6. b3 c5 7. cxd5 Nxd5 8. Bb2 Bf6 9. Bxf6 Qxf6 10. Na3 Nc6 11. Nc4 b5 12. Nd6 Ba6 13. Rc1 Qe7 14. Ne4 c4 15. bxc4 bxc4 16. Qa4 Nb8 17. Ne5 f5 18. Nc3 Nb6 19. Qc2 Bb7 20. d3 Bxg2 21. Kxg2 cxd3 22. Qxd3 N8d7 23. Nc6 Qf6 24. Qd6 Rf7 25. Rfd1 f4 26. Ne4 Qg6 27. Nc3 Re8 28. Qd3 Qh5 29. Ne4 Ref8 30. Rf1 Nd5 31. Qf3 fxg3 32. Qxh5 Nf4+ 33. Kg1 gxf2+ 34. Rxf2 Nxh5 35. Rxf7 Rxf7 36. e3 a6 37. Ng5 Rf6 38. Rd1 Nf8 39. Rd8 g6 40. Ne4 Rf7 41. Nc5 Kg7 42. Nxa6 Nf6 43. Ne5 Ra7 44. Rd6 Ne4 45. Rb6 Nd7 46. Nxd7 Rxd7 47. Rb2 Rd3 48. Nc7 Kf7 49. a4 Ra3 50. Rb7 Kf6 51. Ne8+ Kf5 0-1

[Event "WY U-16 Chess Olympiad 2019"]
[Site "Corum"]
[Date "2019.11.04"]
[Round "8"]
[White "Navaratnam, Rohan Shan Tze"]
[Black "Borhy, Marcell"]
[Result "0-1"]
[WhiteElo "2061"]
[BlackElo "2321"]
[Annotator "TA"]
[PlyCount "68"]
[EventDate "2019.10.28"]
[EventType "team-tourn"]
[EventCountry "TUR"]
[SourceTitle "playchess.com"]
[Source "ChessBase"]
[SourceQuality "1"]

1. d4 d5 2. c4 dxc4 3. Nf3 Nf6 4. e3 g6 5. Bxc4 Bg7 6. O-O O-O 7. Nc3 Ne8 8. e4 Bg4 9. h3 Bxf3 10. Qxf3 Nd6 11. Bb3 Nc6 12. Ne2 Nxd4 13. Nxd4 Bxd4 14. Bh6 Re8 15. Rad1 e5 16. Qg4 Kh8 17. Rd3 c5 18. Rf3 c4 19. Bg5 Qc8 20. Qh4 Kg8 21. Rc1 Bxb2 22. Rxc4 Nxc4 23. Qh6 Nd6 24. Rf6 Re6 25. Bxe6 fxe6 26. Rxg6+ hxg6 27. Qxg6+ Kf8 28. Qh6+ Ke8 29. Qg7 Nf7 30. Qg8+ Kd7 31. Qxf7+ Kc6 32. h4 Qd7 33. Qf3 Bd4 34. Qb3 b5 0-1

[Event "WY U-16 Chess Olympiad 2019"]
[Site "Corum"]
[Date "2019.11.04"]
[Round "8"]
[White "Vuckovic, Marko"]
[Black "Xi, Qi"]
[Result "0-1"]
[WhiteElo "2054"]
[BlackElo "2241"]
[Annotator "ChessBase"]
[PlyCount "46"]
[EventDate "2019.10.28"]
[EventType "team-tourn"]
[EventCountry "TUR"]
[SourceTitle "playchess.com"]
[Source "ChessBase"]
[SourceQuality "1"]

1. e4 e6 2. d4 d5 3. Nd2 Nc6 4. Ngf3 Nf6 5. e5 Nd7 6. c3 f6 7. exf6 Qxf6 8. Qb3 Bd6 9. Bd3 O-O 10. O-O Kh8 11. Re1 Qf7 12. Re2 e5 13. dxe5 Ndxe5 14. Nxe5 Nxe5 15. Qc2 Bc5 16. Nb3 Nxd3 17. Qxd3 Bxf2+ 18. Kh1 Bf5 19. Qf3 Be4 20. Qxf7 Rxf7 21. Bd2 Raf8 22. h3 Bg3 23. Kg1 Bd3 0-1

[Event "WY U-16 Chess Olympiad 2019"]
[Site "Corum"]
[Date "2019.11.04"]
[Round "8"]
[White "Zhang, Xiao"]
[Black "Vujovic, Savo"]
[Result "1-0"]
[WhiteElo "2053"]
[BlackElo "2040"]
[Annotator "NA"]
[PlyCount "69"]
[EventDate "2019.10.28"]
[EventType "team-tourn"]
[EventCountry "TUR"]
[SourceTitle "playchess.com"]
[Source "ChessBase"]
[SourceQuality "1"]

1. Nf3 Nf6 2. g3 g6 3. Bg2 Bg7 4. O-O O-O 5. c4 d5 6. cxd5 Nxd5 7. d4 Nc6 8. Nc3 Nb6 9. d5 Na5 10. e4 c6 11. Bf4 cxd5 12. Nxd5 Nxd5 13. exd5 Nc4 14. b3 Nd6 15. Rc1 a5 16. a4 b5 17. Nd4 Bxd4 18. Qxd4 bxa4 19. bxa4 Rb8 20. Bh6 Nf5 21. Qe5 Rb4 22. Bxf8 Qxf8 23. Qc7 Ba6 24. Qxa5 Bxf1 25. Qxb4 Bxg2 26. Kxg2 Qa8 27. Qb5 h5 28. Qc6 Qa5 29. Qe8+ Kg7 30. Rc8 Qxd5+ 31. Kh3 Kf6 32. Qc6+ Ke5 33. f4+ Ke4 34. Qc2+ Kd4 35. Rc3 1-0

[Event "WY U-16 Chess Olympiad 2019"]
[Site "Corum"]
[Date "2019.11.04"]
[Round "8"]
[White "Kuhar, Larisa"]
[Black "Martins, Bruno Andre Leite"]
[Result "0-1"]
[WhiteElo "2030"]
[BlackElo "2284"]
[Annotator "TA"]
[PlyCount "56"]
[EventDate "2019.10.28"]
[EventType "team-tourn"]
[EventCountry "TUR"]
[SourceTitle "playchess.com"]
[Source "ChessBase"]
[SourceQuality "1"]

1. e4 e6 2. Nf3 d5 3. Nc3 Nf6 4. e5 Nfd7 5. d4 c5 6. dxc5 Nc6 7. Bf4 Nxc5 8. Bd3 Be7 9. h4 a6 10. Rh3 b5 11. h5 h6 12. Ne2 b4 13. Ned4 Nxd4 14. Nxd4 Qb6 15. Be3 Qc7 16. Rg3 Bd7 17. Qg4 Qxe5 18. Nf3 Qc7 19. Qxg7 O-O-O 20. Qd4 Bd6 21. Rg7 Bc6 22. c3 e5 23. Bf5+ Kb8 24. Qxb4+ Bb5 25. Bxc5 Bxc5 26. Qb3 Ka8 27. Qc2 e4 28. Ng1 Qf4 0-1

[Event "WY U-16 Chess Olympiad 2019"]
[Site "Corum"]
[Date "2019.11.04"]
[Round "8"]
[White "Shohradowa, Lala"]
[Black "Velkovski, Kristijan"]
[Result "1/2-1/2"]
[WhiteElo "2024"]
[BlackElo "1866"]
[Annotator "NA RC"]
[PlyCount "79"]
[EventDate "2019.10.28"]
[EventType "team-tourn"]
[EventCountry "TUR"]
[SourceTitle "playchess.com"]
[Source "ChessBase"]
[SourceQuality "1"]

1. d4 d5 2. c4 e6 3. Nc3 Nf6 4. Nf3 Nbd7 5. Bf4 c6 6. e3 Be7 7. cxd5 exd5 8. Bd3 O-O 9. h3 Re8 10. O-O Nf8 11. Qc2 Bd6 12. Bxd6 Qxd6 13. Ne5 N6d7 14. Nxd7 Bxd7 15. b4 b5 16. a4 a6 17. Rab1 g6 18. Ne2 Ne6 19. Rfd1 Ng5 20. Nc1 Qf6 21. Qe2 Re7 22. f4 Ne6 23. Qf2 Rae8 24. Bf1 Ng7 25. Nd3 Bf5 26. g4 Bxd3 27. Rxd3 Qd6 28. Rc3 bxa4 29. Bxa6 Ra8 30. b5 cxb5 31. Bxb5 Rb7 32. Qa2 Rab8 33. Qxa4 Ne6 34. Rcb3 g5 35. Bf1 Rxb3 36. Rxb3 Rxb3 37. Qxb3 gxf4 38. exf4 Nxf4 39. Qe3 Kg7 40. Bg2 1/2-1/2

[Event "WY U-16 Chess Olympiad 2019"]
[Site "Corum"]
[Date "2019.11.04"]
[Round "8"]
[White "Mhango, Banele"]
[Black "Booysen, Tineke"]
[Result "1-0"]
[WhiteElo "2010"]
[BlackElo "1310"]
[Annotator "NA"]
[PlyCount "83"]
[EventDate "2019.10.28"]
[EventType "team-tourn"]
[EventCountry "TUR"]
[SourceTitle "playchess.com"]
[Source "ChessBase"]
[SourceQuality "1"]

1. d4 d5 2. Nf3 c6 3. g3 Nf6 4. Bg2 Bg4 5. h3 Bh5 6. O-O Nbd7 7. b3 e6 8. c4 b6 9. Nc3 Bd6 10. Bb2 O-O 11. Nd2 Rc8 12. Qe1 dxc4 13. Nxc4 Bb8 14. Ba3 Re8 15. Rd1 Nd5 16. Ne4 Rc7 17. Rc1 N7f6 18. Ned6 Ree7 19. e4 Rcd7 20. e5 Ne8 21. Ne4 Bg6 22. Bxe7 Qxe7 23. Qe2 Bc7 24. Ne3 Nb4 25. Rfd1 b5 26. Nc5 Rd8 27. a3 Nd5 28. Nxd5 exd5 29. f4 f6 30. Qg4 Bf7 31. e6 Bg6 32. f5 Bxf5 33. Qxf5 Bxg3 34. a4 bxa4 35. bxa4 Qc7 36. Rb1 Nd6 37. Qg4 Nc4 38. Rb7 Bh2+ 39. Kh1 Qg3 40. Rxg7+ Kh8 41. Qxg3 Bxg3 42. Rxg3 1-0

[Event "WY U-16 Chess Olympiad 2019"]
[Site "Corum"]
[Date "2019.11.04"]
[Round "8"]
[White "Kilic, Eray"]
[Black "Stremavicius, Pijus"]
[Result "0-1"]
[WhiteElo "2001"]
[BlackElo "2230"]
[Annotator "TA"]
[PlyCount "114"]
[EventDate "2019.10.28"]
[EventType "team-tourn"]
[EventCountry "TUR"]
[SourceTitle "playchess.com"]
[Source "ChessBase"]
[SourceQuality "1"]

1. Nf3 d6 2. d4 g6 3. g3 Bg7 4. Bg2 Nc6 5. c4 Bg4 6. d5 Bxf3 7. exf3 Nd4 8. O-O c5 9. Nc3 Nh6 10. g4 O-O 11. Be3 f5 12. Qd2 Nf7 13. Bxd4 cxd4 14. Ne2 Ne5 15. gxf5 Rxf5 16. Nxd4 Nxc4 17. Qd3 Nxb2 18. Qe4 Re5 19. Qc2 Qb6 20. Ne6 Bf6 21. f4 Rxe6 22. dxe6 Rf8 23. Rac1 Qb4 24. Qe4 Qa3 25. f5 g5 26. Qxb7 Nd3 27. Rc8 Nf4 28. Rxf8+ Kxf8 29. h4 gxh4 30. Qe4 Nd3 31. Rb1 Ne5 32. Qf4 Kg7 33. Kh1 h5 34. Rg1 Kh7 35. Qe3 Qxa2 36. Bf3 Qc2 37. Bxh5 Qxf5 38. Be2 d5 39. f4 d4 40. Qf2 d3 41. Bh5 Kh6 42. Bd1 Ng6 43. Qf3 Nxf4 44. Rg4 Bg5 45. Qa8 Ng6 46. Qg2 d2 47. Qe2 a5 48. Rg2 Nf4 49. Qf3 Qxe6 50. Rf2 Qd5 51. Kg1 e5 52. Qg4 Qe4 53. Bf3 Qe1+ 54. Rf1 e4 55. Bg2 e3 56. Qd7 e2 57. Qd6+ Ng6 0-1

[Event "WY U-16 Chess Olympiad 2019"]
[Site "Corum"]
[Date "2019.11.04"]
[Round "8"]
[White "Gurel, Ediz"]
[Black "Ravlusevic, Evelina"]
[Result "1-0"]
[WhiteElo "1995"]
[BlackElo "1762"]
[Annotator "NA"]
[PlyCount "65"]
[EventDate "2019.10.28"]
[EventType "team-tourn"]
[EventCountry "TUR"]
[SourceTitle "playchess.com"]
[Source "ChessBase"]
[SourceQuality "1"]

1. e4 c5 2. Nf3 e6 3. d4 cxd4 4. Nxd4 a6 5. Nc3 Bb4 6. Bd2 Qc7 7. g3 b6 8. Bg2 Bb7 9. O-O Nc6 10. Nxc6 Bxc6 11. Nd5 Bxd5 12. Bxb4 Bc4 13. Bd6 Qc6 14. Re1 e5 15. Bxe5 f6 16. Bd6 Be6 17. e5 Qc8 18. Qd4 Kf7 19. Qf4 Ra7 20. Rad1 h6 21. Rd3 Qd8 22. Bd5 g5 23. Qf3 h5 24. Bxe6+ dxe6 25. exf6 Nxf6 26. Be5 Qe7 27. Bxf6 Qxf6 28. Qc6 g4 29. Re4 e5 30. Rd6 Qf5 31. Qd5+ Kg7 32. Rxe5 Qf7 33. Rg5+ 1-0

[Event "WY U-16 Chess Olympiad 2019"]
[Site "Corum"]
[Date "2019.11.04"]
[Round "8"]
[White "Kolev, Lachezar"]
[Black "Amin-Erdene Burmaa"]
[Result "0-1"]
[WhiteElo "1983"]
[BlackElo "1793"]
[Annotator "NA RC"]
[PlyCount "116"]
[EventDate "2019.10.28"]
[EventType "team-tourn"]
[EventCountry "TUR"]
[SourceTitle "playchess.com"]
[Source "ChessBase"]
[SourceQuality "1"]

1. e4 c5 2. Ne2 d6 3. c4 Nc6 4. d4 cxd4 5. Nxd4 Nf6 6. Nc3 e6 7. Be2 Be7 8. Be3 O-O 9. O-O a6 10. Qd2 Bd7 11. f3 Kh8 12. Rfd1 Rc8 13. Rac1 Ne5 14. b3 Rg8 15. h3 g5 16. g4 h6 17. Bf1 Nh7 18. Bg2 Nf8 19. Qf2 Nfg6 20. Nde2 h5 21. Bb6 Qf8 22. Rc2 Qh6 23. Rcd2 Bc6 24. Bd4 Kg7 25. b4 f6 26. c5 dxc5 27. Bxc5 Kf7 28. Bxe7 Nxe7 29. Nd4 Bd7 30. Rc2 Rc4 31. a3 Rgc8 32. Qd2 hxg4 33. fxg4 Qh4 34. Rdc1 Qg3 35. Nce2 Rxc2 36. Rxc2 Rxc2 37. Qxc2 Qxa3 38. Qb3 Qa1+ 39. Kh2 N7c6 40. Nf5 Qe1 41. Neg3 Qxb4 42. Qxb4 Nxb4 43. Nd6+ Ke7 44. Nxb7 Bc6 45. Na5 Kd6 46. Nh5 Ke7 47. Ng3 Be8 48. Ne2 Bb5 49. Nd4 Nbc6 50. Naxc6+ Nxc6 51. Nxb5 axb5 52. Bf1 b4 53. Bd3 b3 54. h4 gxh4 55. Kh3 Ne5 56. Bb1 Nf3 57. e5 b2 58. g5 Ke8 0-1

[Event "WY U-16 Chess Olympiad 2019"]
[Site "Corum"]
[Date "2019.11.04"]
[Round "8"]
[White "Herega, Nejc"]
[Black "Sismeiro, Miguel"]
[Result "0-1"]
[WhiteElo "1976"]
[BlackElo "2113"]
[Annotator "TA"]
[PlyCount "100"]
[EventDate "2019.10.28"]
[EventType "team-tourn"]
[EventCountry "TUR"]
[SourceTitle "playchess.com"]
[Source "ChessBase"]
[SourceQuality "1"]

1. d4 Nf6 2. c4 g6 3. Nc3 d5 4. cxd5 Nxd5 5. e4 Nxc3 6. bxc3 Bg7 7. Bc4 O-O 8. Ne2 Nc6 9. O-O b6 10. f4 Bb7 11. f5 Na5 12. Bd3 c5 13. Be3 Rc8 14. Rc1 cxd4 15. cxd4 Rxc1 16. Qxc1 Qa8 17. Qb1 Rc8 18. Rc1 Rxc1+ 19. Qxc1 gxf5 20. exf5 Bxg2 21. Bh6 Bxh6 22. Qxh6 Be4 23. Qg5+ Kf8 24. f6 exf6 25. Qxf6 Kg8 26. Nf4 Bxd3 27. Nxd3 Qc6 28. Qd8+ Kg7 29. Ne5 Qc1+ 30. Kg2 Nc6 31. Nxc6 Qxc6+ 32. d5 Qf6 33. Qa8 Qb2+ 34. Kg3 Qxa2 35. Qc6 Qa3+ 36. Kf4 Qb4+ 37. Ke5 Qe7+ 38. Kf5 h6 39. Kg4 Qg5+ 40. Kf3 Qf5+ 41. Ke3 Qe5+ 42. Kd3 Qxh2 43. d6 Qg3+ 44. Kc4 Qf4+ 45. Kd3 Kf6 46. Qd5 Qg3+ 47. Kc4 Qg4+ 48. Kb5 Qd7+ 49. Qc6 Ke6 50. Ka6 Qxc6 0-1

[Event "WY U-16 Chess Olympiad 2019"]
[Site "Corum"]
[Date "2019.11.04"]
[Round "8"]
[White "Alvarez Angel, Nelson Eduardo"]
[Black "Madaminov, Mukhiddin"]
[Result "1-0"]
[WhiteElo "1974"]
[BlackElo "2045"]
[Annotator "NA RC"]
[PlyCount "147"]
[EventDate "2019.10.28"]
[EventType "team-tourn"]
[EventCountry "TUR"]
[SourceTitle "playchess.com"]
[Source "ChessBase"]
[SourceQuality "1"]

1. d4 e6 2. c4 b6 3. Nc3 Bb7 4. Nf3 Nf6 5. Qc2 Bb4 6. e3 O-O 7. Bd3 d6 8. Bd2 Nbd7 9. a3 Bxc3 10. Bxc3 Qe7 11. Ng5 h6 12. Ne4 Nxe4 13. Bxe4 Bxe4 14. Qxe4 f5 15. Qd3 Qg5 16. O-O Rae8 17. b4 f4 18. exf4 Qxf4 19. a4 e5 20. d5 e4 21. Qe3 Ne5 22. Bxe5 Rxe5 23. Rfe1 Qg4 24. Qg3 Qh5 25. Qe3 Rf6 26. a5 Qg4 27. axb6 axb6 28. Qg3 e3 29. Rxe3 Qd4 30. Rae1 Rg5 31. Re4 Qb2 32. Qe3 Rgf5 33. f3 h5 34. Re8+ Kh7 35. Qe4 Rg6 36. g3 Qf6 37. Re6 Qg5 38. Rxg6 Qxg6 39. g4 Rf7 40. Kg2 hxg4 41. fxg4 Qxe4+ 42. Rxe4 g5 43. h4 gxh4 44. Kh3 Kg6 45. Kxh4 Rh7+ 46. Kg3 Rf7 47. Re6+ Kg5 48. Re8 Kg6 49. Rc8 Re7 50. Rf8 Re4 51. Rf4 Re3+ 52. Kh4 Re1 53. Kg3 Re3+ 54. Kf2 Re7 55. Kf3 Re1 56. Re4 Rf1+ 57. Ke2 Rf7 58. Kd3 Kg5 59. Kc2 Rf2+ 60. Kb3 b5 61. cxb5 Rd2 62. Kc4 Rc2+ 63. Kd3 Rc1 64. Kd2 Rg1 65. Kc3 Rc1+ 66. Kb2 Rg1 67. Rc4 Rxg4 68. Kb3 Rg3+ 69. Ka4 Kf5 70. Rxc7 Ke5 71. b6 Rg8 72. b7 Rb8 73. Kb5 Kxd5 74. Kb6 1-0